000 00632nam a22002177a 4500
003 UA-OsUOA
001 44846
007 ta
008 20070315b un ||||| |||| 00| 0 ukr d
100 _aОніщук М.
090 _a330(477)
_bО-11
942 _cSA
040 _aUA-OsUOA
_bukr
_cUA-OsUOA
_dUA-OsUOA
245 _aЦіна мараторію: до законодавчої дисурсії щодо удосконалення процедур банкрутства
300 _aС,4 с.
955 _a0
041 _aukr
080 _a330(477)
773 0 _w44845
650 7 _a330 Економіка взагалі
_2UDC
999 _c330970
_d330970